| 000 | 01317cam a2200289 a 4500 | ||
|---|---|---|---|
| 001 | 14618960 | ||
| 003 | ARRUPE | ||
| 005 | 20140130133523.0 | ||
| 008 | 061101s2007 miu b 001 0beng | ||
| 010 | _a 2006036407 | ||
| 020 | _a0802807542 (pbk. : alk. paper) | ||
| 040 |
_aDLC _cDLC _dDLC |
||
| 043 | _aa-su--- | ||
| 050 | 0 | 0 |
_aBP75 _b.P42 2007 |
| 082 | 0 | 0 |
_a297.6/3 _aB _222 |
| 100 | 1 |
_aPeterson, Daniel C. _97334 |
|
| 245 | 1 | 0 |
_aMuhammad, prophet of God / _cDaniel C. Peterson. |
| 260 |
_aGrand Rapids, Mich. : _bWilliam B. Eerdmans Pub. Co., _cc2007. |
||
| 300 |
_axi, 186 p. ; _c22 cm. |
||
| 504 | _aIncludes bibliographical references (p. 181) and index. | ||
| 505 | 0 | _aOverture -- The Arabian jahiliyya -- The birth and childhood of Muhammad -- The calling of a prophet -- Rejection at Mecca -- The hijra -- Strife with Mecca -- Mecca : the beginning (of the end) -- Mecca submits -- Arabia under Muhammad -- Reflections. | |
| 600 | 0 | 0 |
_aMuḼammad, _cProphet, _d-632 _vBiography. _97335 |
| 856 | 4 | 1 |
_3Table of contents only _uhttp://www.loc.gov/catdir/toc/ecip074/2006036407.html |
| 906 |
_a7 _bcbc _corignew _d1 _eecip _f20 _gy-gencatlg |
||
| 942 |
_2lcc _cMONOGRAPH |
||
| 999 |
_c119778 _d119778 |
||